Loading...
| History - Other | 2 | 1 | 0 | 0 | 40 | 32 | 59.67 | 3 | 3 | 0.00 | 0.00 |
| Literature - British | 0 | 3 | 0 | 1 | 30 | 87 | 96.33 | 1 | 3 | 0.00 | 0.00 |
| Religion | 0 | 3 | 0 | 2 | 30 | 61 | 105.00 | 1 | 3 | 0.00 | 0.00 |
| Literature - World | 1 | 1 | 0 | 0 | 25 | 58 | 67.50 | 1 | 2 | 0.00 | 0.00 |
| Literature - European | 0 | 2 | 0 | 0 | 20 | 85 | 101.00 | 1 | 2 | 0.00 | 0.00 |
| Science - Other | 0 | 2 | 0 | 1 | 20 | 73 | 98.00 | 1 | 2 | 0.00 | 0.00 |
| Literature - American | 1 | 0 | 0 | 0 | 15 | 74 | 74.00 | 1 | 1 | 0.00 | 0.00 |
| Science - Chemistry | 1 | 0 | 0 | 0 | 15 | 49 | 49.00 | 1 | 1 | 0.00 | 0.00 |
| Social Science | 0 | 1 | 0 | 0 | 10 | 107 | 107.00 | 1 | 1 | 0.00 | 0.00 |
| Fine Arts - Visual | 0 | 1 | 0 | 1 | 10 | 146 | 146.00 | 0 | 1 | 0.00 | 0.00 |
| History - European | 0 | 1 | 0 | 0 | 10 | 97 | 97.00 | 1 | 1 | 0.00 | 0.00 |
| History - World | 1 | 0 | 1 | 0 | 10 | 53 | 53.00 | 1 | 1 | 0.00 | 0.00 |
| Other Academic | 0 | 1 | 0 | 0 | 10 | 106 | 106.00 | 0 | 1 | 0.00 | 0.00 |
| Fine Arts - Other | 0 | 1 | 0 | 1 | 10 | 124 | 124.00 | 0 | 1 | 0.00 | 0.00 |
| Mythology | 0 | 1 | 1 | 0 | 5 | 92 | 92.00 | 1 | 1 | 0.00 | 0.00 |
| Science - Physics | 0 | 0 | 1 | 0 | -5 | 0.00 | 0 | 0 | 0.00 | 0.00 | |
| Science - Biology | 0 | 1 | 3 | 0 | -5 | 66 | 66.00 | 0 | 1 | 0.00 | 0.00 |